000 00435nam a2200181Ia 4500
001 17122
005 20260306170402.0
008 260306t2014||||xx |||||||||||||| ||und||
041 _aESP
082 _a657.46
_bA64
100 _aApaza Meza, Mario
_eAUT
245 0 _aFiscalización electrónica PLE/SLE-SOL
260 _c2014
300 _a534 páginas :
_c23 cm.
650 _aGEN
654 _aCCO
942 _cLIB
_dJUS
_fJUS
_2ddc
_n
999 _c17122
_d17122